[Event "10th Neckar Open A"]
[Site "Deizisau GER"]
[Date "2006.04.17"]
[Round "9"]
[White "Zaragatski,I"]
[Black "Pavasovic,D"]
[Result "0-1"]
[WhiteElo "2423"]
[BlackElo "2534"]

1.e4 e5 2.Nf3 Nc6 3.Bb5 a6 4.Ba4 Nf6 5.O-O b5 6.Bb3 Bb7 7.Re1 Bc5 8.c3 d6
9.d4 Bb6 10.a4 O-O 11.Bg5 h6 12.Bh4 g5 13.Bg3 exd4 14.cxd4 Re8 15.e5 dxe5
16.Nxe5 Nxe5 17.Bxe5 Bxd4 18.Bxd4 Qxd4 19.Nc3 Rxe1+ 20.Qxe1 Re8 21.Qd1 Qxd1+
22.Rxd1 b4 23.Nb1 Re2 24.Nd2 Ne4 25.Nxe4 Bxe4 26.Bc4 Rxb2 27.Bxa6 Rb1 28.Rxb1 Bxb1
29.Bc4 Bc2 30.a5 b3 31.a6 b2 32.Ba2 b1=Q+ 33.Bxb1 Bxb1 34.f3 Ba2  0-1

[Event "8th Dubai Open"]
[Site "Dubai UAE"]
[Date "2006.04.24"]
[Round "2"]
[White "Kacheishvili,G"]
[Black "Nezad,H"]
[Result "1-0"]
[WhiteElo "2605"]
[BlackElo "2345"]

1.e4 e5 2.Nf3 Nc6 3.Bb5 a6 4.Ba4 Nf6 5.O-O b5 6.Bb3 Bb7 7.d3 Bc5 8.Nc3 d6
9.a3 O-O 10.Bg5 h6 11.Bh4 g5 12.Nxg5 hxg5 13.Bxg5 Nd4 14.Kh1 Nxb3 15.cxb3 Qe7
16.b4 Bd4 17.Qf3 Kg7 18.Ne2 Qe6 19.Rac1 Rac8 20.Ng3 Nh7 21.Bh6+ Kxh6 22.Nf5+ Kg6
23.Qg4+ Ng5 24.h4 f6 25.f4 exf4 26.Rxf4 Bb6 27.Rcf1 Rh8 28.R1f3 Qb3 29.Kh2 Qd1
30.Ne3 Rxh4+ 31.Qxh4 Qxf3 32.gxf3 Bxe3 33.Rg4 Kg7 34.Qe1 Rh8+ 35.Kg2 Bd4
36.f4 Bc8 37.Qe2 Bxg4 38.Qxg4 Bxb2 39.fxg5 fxg5 40.Qxg5+ Kf7 41.Qd5+ Ke7
42.Qc6 Rg8+ 43.Kf3 Rf8+ 44.Ke3 Bxa3 45.Qxc7+ Ke6 46.Qc3  1-0

[Event "XIII TCh-RUS 1st League"]
[Site "Sochi RUS"]
[Date "2006.04.25"]
[Round "6"]
[White "Bryzgalin,K"]
[Black "Sivokho,S"]
[Result "1/2-1/2"]
[WhiteElo "2473"]
[BlackElo "2469"]

1.e4 e5 2.Nf3 Nc6 3.Bb5 a6 4.Ba4 Nf6 5.O-O b5 6.Bb3 Bb7 7.Re1 Bc5 8.c3 d6
9.d4 Bb6 10.Be3 O-O 11.Nbd2 h6 12.d5 Ne7 13.Bxb6 cxb6 14.a4 bxa4 15.Bxa4 b5
16.Bc2 Nd7 17.Nf1 f5 18.exf5 Nxf5 19.Ng3 Nxg3 20.hxg3 Nf6 21.Re2 Qb6 22.Nh4 Rae8
23.Nf5 Bc8 24.Ne3  1/2-1/2

[Event "President's Cup"]
[Site "Baku AZE"]
[Date "2006.05.07"]
[Round "4"]
[White "Sadvakasov,D"]
[Black "Shukurova,M"]
[Result "1-0"]
[WhiteElo "2619"]
[BlackElo "2205"]

1.e4 e5 2.Nf3 Nc6 3.Bb5 a6 4.Ba4 Nf6 5.O-O b5 6.Bb3 Bb7 7.d3 Bd6 8.a4 O-O
9.Nc3 b4 10.Ne2 Ne7 11.Ng3 h6 12.Nh4 Kh7 13.Be3 Ng6 14.Nhf5 Be7 15.Nxe7 Nxe7
16.f4 exf4 17.Bxf4 Ng6 18.Bd2 a5 19.Nh5 Nxh5 20.Qxh5 Qe7 21.Rf5 c5 22.Raf1 f6
23.R1f3 Ne5 24.Rh3 Qe8 25.Qh4 Ng6 26.Qf2 d5 27.Rfh5 c4 28.dxc4 Qxe4 29.cxd5 Bc8
30.Bxh6 Bxh3 31.Bg5+ Kg8 32.Rxh3 Rfe8 33.d6+ Kf8 34.Bxf6 Qe1+ 35.Qxe1 Rxe1+
36.Kf2 Rd1 37.Be7+ Ke8 38.Bc4 Rc8 39.Bd3 Nxe7 40.Re3 Kf7 41.dxe7 Re8 42.Bc4+ Kf6
43.Re6+ Kf5 44.g4+ Kxg4 45.Bb5 Rd2+ 46.Ke1  1-0

[Event "GM"]
[Site "Hockenheim/Willingen GER"]
[Date "2006.05.08"]
[Round "7"]
[White "Spoelman,W"]
[Black "Tomashevsky,E"]
[Result "1-0"]
[WhiteElo "2442"]
[BlackElo "2595"]

1.e4 e5 2.Nf3 Nc6 3.Bb5 a6 4.Ba4 Nf6 5.O-O b5 6.Bb3 Bb7 7.c3 Nxe4 8.d4 Na5
9.Bc2 exd4 10.Nxd4 c5 11.Nf5 d5 12.Nd2 g6 13.Ng3 Nxg3 14.fxg3 Be7 15.Nf3 O-O
16.Bh6 Bf6 17.Bxf8 Qxf8 18.Qd2 Qd6 19.Ng5 Nc4 20.Qf2 Bxg5 21.Qxf7+ Kh8 22.Qxb7 Rb8
23.Qa7 Ne5 24.Rad1 d4 25.Kh1 Be3 26.b4 cxb4 27.cxd4 Ng4 28.Qf7 Bh6 29.Rde1 Ne3
30.Rf6 Qd5 31.Qxd5 Nxd5 32.Rxa6 Bd2 33.Rd1 Rf8 34.Bd3 Be3 35.Rf1 Rd8 36.Bxb5 Bxd4
37.Ba4 Kg7 38.Bb3 Ne3 39.Rf7+ Kh6 40.Rf4 Kg7 41.Rc6 h5 42.Rf7+ Kh6 43.Bc2 Nxc2
44.Rxc2 Bf6 45.Rc1 Bb2 46.Rb1 Rd2 47.Re1 Be5 48.Ra7 Bd6 49.Rd7 Kg5 50.Rf1 Rd5
51.h4+ Kg4 52.Rf3 b3 53.axb3 Rd2 54.Kh2 g5 55.Rg7 Bxg3+ 56.Rxg3+ Kxh4 57.Rh3+  1-0

[Event "XXXVI Bosnia GMB"]
[Site "Sarajevo BIH"]
[Date "2006.05.15"]
[Round "8"]
[White "Kurajica,B"]
[Black "Mihalcisin,A"]
[Result "1/2-1/2"]
[WhiteElo "2548"]
[BlackElo "2534"]

1.e4 e5 2.Nf3 Nc6 3.Bb5 a6 4.Ba4 Nf6 5.O-O b5 6.Bb3 Bb7 7.d3 Be7 8.Nc3 O-O
9.Nd5 Na5 10.Nxe7+ Qxe7 11.Bg5 h6 12.Bxf6 Qxf6 13.Re1 Rfe8 14.Qd2 Nxb3 15.axb3  1/2-1/2

[Event "37th Olympiad w"]
[Site "Turin ITA"]
[Date "2006.05.28"]
[Round "7"]
[White "Paridar,S"]
[Black "Zawadzka,J"]
[Result "1/2-1/2"]
[WhiteElo "2210"]
[BlackElo "2389"]

1.e4 e5 2.Nf3 Nc6 3.Bb5 a6 4.Ba4 Nf6 5.O-O b5 6.Bb3 Bb7 7.d3 Be7 8.Re1 O-O
9.Nc3 d6 10.a3 h6 11.Ne2 Re8 12.Ng3 Bf8 13.c3 Na5 14.Ba2 d5 15.Qe2 c5 16.b4 dxe4
17.Nxe4 Nxe4 18.dxe4 Nc6 19.Bd5 Qc7 20.Be3 c4 21.Qc2 Nb8 22.Bxb7 Qxb7 23.a4 Nd7
24.a5 Rad8 25.Rad1 Nf6 26.Rxd8 Rxd8 27.Bb6 Re8 28.h3 Re6 29.Nh4 Rd6 30.Nf3 Nd7
31.Be3 Rd3 32.Nd2 Be7 33.Nf3 Qc6 34.Bc1 Qd6 35.Be3 Bd8 36.Re2 Qc6 37.Bc1 Bc7
38.Ne1 Rd6 39.Nf3 Bb8 40.Rd2 Nf6 41.Re2 Qd7 42.Rd2 Rd3 43.Re2 Rd1+ 44.Re1 Rd3
45.Re2 Nh5 46.Ne1 Rd6 47.Rd2 Ba7 48.Rxd6 Qxd6 49.Be3 Bxe3 50.fxe3 Nf6 51.Nf3 g6
52.Nd2 Kg7 53.Nf3 Qe6 54.Nd2 Ne8 55.Qd1 Qd7 56.Qc2 f5 57.exf5 Qxf5 58.Qe4 Qxe4
59.Nxe4 Nc7 60.Kf2 Kf7  1/2-1/2

[Event "37th Olympiad w"]
[Site "Turin ITA"]
[Date "2006.05.30"]
[Round "9"]
[White "Ellappen,J"]
[Black "Zhu,H"]
[Result "0-1"]
[WhiteElo "1934"]
[BlackElo "2050"]

1.e4 e5 2.Nf3 Nc6 3.Bb5 a6 4.Ba4 Nf6 5.O-O b5 6.Bb3 Bb7 7.c3 Nxe4 8.Re1 Nc5
9.Nxe5 Nxe5 10.Rxe5+ Ne6 11.d4 Bd6 12.Re1 O-O 13.Nd2 Qh4 14.Nf1 Rae8 15.Be3 Kh8
16.Qd2 h6 17.Bc2 f5 18.g3 Qf6 19.f4 g6 20.d5 Ng7 21.Bd4 Qf7 22.Ne3 Kh7 23.Rad1 Nh5
24.Rf1 Nf6 25.c4 bxc4 26.b4 Nxd5 27.Rfe1 Bxb4 28.Qf2 Bxe1 29.Rxe1 Nxe3 30.Rxe3 Qd5
31.Qd2 Qh1+ 32.Kf2 Qxh2+ 33.Ke1 Qxg3+ 34.Kd1 Qg1+ 35.Re1 Rxe1+ 36.Qxe1 Qxd4+  0-1

[Event "21st Schachtage"]
[Site "Hassloch GER"]
[Date "2006.06.04"]
[Round "4"]
[White "Voropaev,G"]
[Black "Ovsejevitsch,S"]
[Result "0-1"]
[WhiteElo "2271"]
[BlackElo "2527"]

1.e4 e5 2.Nf3 Nc6 3.Bb5 a6 4.Ba4 Nf6 5.O-O b5 6.Bb3 Bb7 7.d3 Be7 8.Nc3 d6
9.a4 b4 10.Nd5 Na5 11.Nxf6+ Bxf6 12.Ba2 Rb8 13.Nd2 O-O 14.Nc4 Nxc4 15.Bxc4 a5
16.Qf3 Kh8 17.Be3 g6 18.Bh6 Bg7 19.Bxg7+ Kxg7 20.Qe3 g5 21.d4 exd4 22.Qxd4+ Qf6
23.Rad1 Qxd4 24.Rxd4 Rbe8 25.f3 f5 26.Bd5 Bxd5 27.Rxd5 fxe4 28.fxe4 Rxf1+
29.Kxf1 Rxe4 30.Rxg5+ Kf6 31.Rg3 c5 32.b3 Rh4 33.h3 Re4 34.Kf2 d5 35.Rd3 Ke5
36.Rd1 c4 37.g3 Kd6 38.Kf3 Kc5 39.g4 Rd4  0-1

[Event "ch-StP"]
[Site "St Petersburg RUS"]
[Date "2006.06.13"]
[Round "11"]
[White "Anisimov,P"]
[Black "Orlov,Va"]
[Result "1-0"]
[WhiteElo "2500"]
[BlackElo "2450"]

1.e4 e5 2.Nf3 Nc6 3.Bb5 a6 4.Ba4 Nf6 5.O-O b5 6.Bb3 Bb7 7.Re1 Bc5 8.c3 d6
9.d4 Bb6 10.Be3 O-O 11.d5 Ne7 12.c4 bxc4 13.Bxc4 Ng4 14.Bxb6 cxb6 15.Nc3 Ng6
16.h3 Nh6 17.Qd2 b5 18.Bb3 f5 19.Ng5 Nf4 20.Ne6 Qh4 21.Nxf4 exf4 22.e5 f3
23.Qe3 dxe5 24.Qxf3 e4 25.Qe3 Rad8 26.Ne2 Nf7 27.Nf4 Rfe8 28.Rac1 Rd7 29.Ne6 Bxd5
30.g3 Qxh3 31.Bxd5 Rxd5 32.Nf4 Qg4 33.Nxd5 Ne5 34.Kg2 g5 35.Nf6+  1-0

[Event "20th Open"]
[Site "Pula CRO"]
[Date "2006.06.18"]
[Round "1"]
[White "Englisch,D"]
[Black "Pavasovic,D"]
[Result "0-1"]
[WhiteElo "2070"]
[BlackElo "2534"]

1.e4 e5 2.Nf3 Nc6 3.Bb5 a6 4.Ba4 Nf6 5.O-O b5 6.Bb3 Bb7 7.d3 Be7 8.a4 O-O
9.axb5 axb5 10.Rxa8 Qxa8 11.Nc3 Na5 12.Nxe5 Nxb3 13.cxb3 b4 14.Ne2 d5 15.exd5 Nxd5
16.f3 Re8 17.Kh1 Qa7 18.Nc4 Bf8 19.Ng3 Qd4 20.Qd2 g6 21.Ne4 Rd8 22.Rd1 Ne7
23.Qf4 Nd5 24.Qe5 Bg7 25.Qxd4 Bxd4 26.Na5 Ba8 27.Nc4 Re8 28.h3 f5 29.Ng3 Kf7
30.f4 h5 31.Nf1 Re2 32.Ng3 Rc2 33.Ne5+ Kg7 34.Nf3 Bxb2 35.Bxb2+ Rxb2 36.Ra1 Nb6
37.Ra7 Bxf3 38.Rxc7+ Kf8 39.gxf3 Nd5 40.Rc5 Nxf4 41.Nxf5 Nxh3 42.Nd4 Nf2+
43.Kg1 Nxd3 44.Rb5 Kf7 45.Rd5 Kf6 46.Rb5 h4 47.f4 Nxf4 48.Rxb4 h3 49.Nf3 Rg2+
50.Kf1 g5 51.Rb6+ Kf5 52.Rb5+ Kg4  0-1

[Event "White Nights Open"]
[Site "St Petersburg RUS"]
[Date "2006.06.27"]
[Round "5"]
[White "Ivanov,Al3"]
[Black "Orlov,Va"]
[Result "1/2-1/2"]
[WhiteElo "2375"]
[BlackElo "2450"]

1.e4 e5 2.Nf3 Nc6 3.Bb5 a6 4.Ba4 Nf6 5.O-O b5 6.Bb3 Bb7 7.c3 Nxe4 8.Re1 Nc5
9.Nxe5 Nxe5 10.Rxe5+ Ne6 11.d4 Bd6 12.Re1 Qh4 13.h3 O-O 14.Qg4 Qxg4 15.hxg4 Rae8
16.Kf1 Nf4 17.Rxe8 Rxe8 18.Bxf4 Bxf4 19.Na3 Kf8 20.Nc2 Be4 21.Rd1 a5 22.Ne1 Bg6
23.a3 h5 24.gxh5 Bxh5 25.f3 Bg6 26.Kf2 a4 27.Ba2 Be3+ 28.Kf1 Ke7 29.Bb1 Bxb1
30.Rxb1 Bg5 31.Nd3 Kd6 32.Re1 Re6 33.Rxe6+ fxe6 34.Ke2 Kd5 35.Kd1 d6 36.Kc2 c5
37.dxc5 dxc5 38.Nf2 Be3 39.Ne4 c4 40.Kd1 Ke5 41.Ng3 g6 42.Kc2 Kf4 43.Ne2+ Kg5
44.Ng3 Kh4 45.Ne4 g5 46.Kd1 Bf4  1/2-1/2

[Event "34th World Open"]
[Site "Philadelphia USA"]
[Date "2006.07.03"]
[Round "7"]
[White "Yap,N"]
[Black "Mulyar,M"]
[Result "1/2-1/2"]
[WhiteElo "2239"]
[BlackElo "2391"]

1.e4 e5 2.Nf3 Nc6 3.Bb5 a6 4.Ba4 Nf6 5.O-O b5 6.Bb3 Bb7 7.Re1 Bc5 8.c3 d6
9.d4 Bb6 10.Bg5 h6 11.Bh4 O-O 12.a4 Re8 13.axb5 axb5 14.Rxa8 Bxa8 15.d5 Na7
16.Nbd2 c6 17.dxc6 Bxc6 18.Bxf6 Qxf6 19.Nf1 Bc5 20.Bd5 b4 21.Bxc6 Nxc6 22.Ne3 bxc3
23.Nd5 Qd8 24.bxc3 Ne7 25.Re2 Nxd5 26.Qxd5 Qa8 27.Qd3 Rb8 28.g3 Rb3 29.Kg2 Qa3
30.Rc2 Rb2 31.Rxb2 Qxb2 32.Qd2 Qb1 33.Qe2 Qc1 34.Qd2 Qb1  1/2-1/2

[Event "34th World Open"]
[Site "Philadelphia USA"]
[Date "2006.07.04"]
[Round "9"]
[White "Moriuchi,T"]
[Black "Muhammad,S"]
[Result "0-1"]
[WhiteElo "2282"]
[BlackElo "2384"]

1.e4 e5 2.Nf3 Nc6 3.Bb5 a6 4.Ba4 Nf6 5.O-O b5 6.Bb3 Bb7 7.d4 Nxd4 8.Bxf7+ Kxf7
9.Nxe5+ Kg8 10.Qxd4 c5 11.Qd1 Qe8 12.Nf3 Qxe4 13.Bg5 Qf5 14.Nbd2 Ne4 15.Bh4 h6
16.Bg3 g5 17.Nxe4 Bxe4 18.Ne1 Re8 19.c3 Rh7 20.a4 Re6 21.axb5 axb5 22.Ra7 Bc6
23.Rc7 Rhe7 24.Qd3 Qf7 25.Nc2 h5 26.Rc8 h4 27.Bc7 Be4 28.Qd2 Bxg2 29.Kxg2 h3+
30.Kg1 Qf3 31.Ne3 Rf7 32.Ra1 d6 33.Raa8 Kh7 34.Rxf8 Rxf8 35.Qd3+ Kh8 36.Rxf8+ Qxf8
37.Qd5 Qe7 38.Bd8 Rxe3 39.fxe3 Qxd8 40.Qe6 Kg7 41.Qxh3 Qe8 42.Kf2 Qf7+ 43.Ke1 Kg6
44.Qg3 Qd5 45.h4 Qe5 46.Qg1 Qf5 47.Kd2 g4 48.Qg3 Qd5+ 49.Ke2 Kh5 50.Qf2 Qc4+
51.Kd2 Qe4 52.Qf6 Qe5 53.Qf2 b4 54.Kc2 bxc3 55.bxc3 Qe4+ 56.Kd2 Qf3 57.Qh2 g3  0-1

[Event "COQ"]
[Site "Montreal CAN"]
[Date "2006.07.07"]
[Round "1"]
[White "Saint Amand,P"]
[Black "Masse,H"]
[Result "1-0"]
[WhiteElo "2126"]
[BlackElo "2178"]

1.e4 e5 2.Nf3 Nc6 3.Bb5 a6 4.Ba4 Nf6 5.O-O b5 6.Bb3 Bb7 7.d3 Be7 8.Nc3 O-O
9.Nd5 Nxd5 10.Bxd5 d6 11.c3 Rb8 12.a4 Bf6 13.axb5 axb5 14.Be3 Qc8 15.Qb3 Ne7
16.Bxb7 Rxb7 17.Ra5 c6 18.Rfa1 Qc7 19.h3 h6 20.Qa3 Rfb8 21.Ra7 Kh7 22.Qa5 Rxa7
23.Qxa7 Rb7 24.Qa5 Qd7 25.Qb4 c5 26.Qb3 Nc6 27.Ra6 Nb8 28.Ra8 Nc6 29.Qd5 Ra7
30.Rxa7 Nxa7 31.Bxc5 Nc8 32.Be3 g6 33.c4 bxc4 34.dxc4 Kg7 35.b4 Ne7 36.Qd2 h5
37.b5 Nc8 38.Qd5 Ne7 39.Qa8 d5 40.exd5 e4 41.Nd4 Be5 42.Nc6 Nxc6 43.Qxc6 Qe7
44.Qc5 Qd8 45.Bd4 Qf6 46.Bxe5 Qxe5 47.Qe3 f5 48.f4 Qa1+ 49.Kh2 Qf1 50.Qa7+ Kh6
51.Qb8 Kh7 52.Qc7+ Kh6 53.Qe5 Kh7 54.b6 Qf2 55.b7 Qb6 56.b8=R  1-0

[Event "XXIV Andorra Open"]
[Site "Andorra la Vella AND"]
[Date "2006.07.08"]
[Round "1"]
[White "Del Rio Angelis,S"]
[Black "Nadig,K"]
[Result "1-0"]
[WhiteElo "2516"]
[BlackElo "2239"]

1.e4 e5 2.Nf3 Nc6 3.Bb5 a6 4.Ba4 Nf6 5.O-O b5 6.Bb3 Bb7 7.d3 Bc5 8.Nc3 d6
9.a3 h6 10.Ne2 O-O 11.Ng3 Ne7 12.c3 Ng6 13.d4 Bb6 14.Bc2 Re8 15.Re1 Nh7 16.a4 Ng5
17.Nxg5 hxg5 18.axb5 axb5 19.Rxa8 Bxa8 20.Nf5 Nh4 21.Ng3 Bc6 22.Qh5 f6 23.Bb3+ d5
24.exd5 Bd7 25.dxe5 g6 26.Qh6 Bc5 27.d6+  1-0

[Event "5th Open"]
[Site "La Fere FRA"]
[Date "2006.07.08"]
[Round "1"]
[White "Manet,E"]
[Black "Olarasu,G"]
[Result "0-1"]
[WhiteElo "1999"]
[BlackElo "2222"]

1.e4 e5 2.Nf3 Nc6 3.Bb5 a6 4.Ba4 Nf6 5.O-O b5 6.Bb3 Bb7 7.Re1 Bc5 8.c3 d6
9.d4 Bb6 10.a4 h6 11.h3 O-O 12.d5 Ne7 13.axb5 axb5 14.Rxa8 Bxa8 15.Na3 c6
16.dxc6 Bxc6 17.Bc2 Qb8 18.Qe2 Qb7 19.Bd3 Rb8 20.Nc2 Ng6 21.Nb4 Bd7 22.Bb1 Bc5
23.Nd3 Bc6 24.Nxc5 dxc5 25.Be3 Qe7 26.Bc1 c4 27.Nh2 Nd7 28.Nf1 Nc5 29.Ng3 Nf4
30.Bxf4 exf4 31.Nf5 Qe5 32.Nd4 Ba8 33.Nf3 Qh5 34.Qd2 Ne6 35.Qd6 Rd8 36.Qa6 Qc5
37.Bc2 Bc6 38.Qa1 b4 39.cxb4 Qxb4 40.Qa3 Rb8 41.Rb1 Qxa3 42.bxa3 Rxb1+ 43.Bxb1 Ba4
44.Ne5 Bb3 45.Nc6 c3 46.Nb4 Nd4  0-1

[Event "3rd St Nikolay GM"]
[Site "Mionica SCG"]
[Date "2006.07.10"]
[Round "1"]
[White "Savic,Miod1"]
[Black "Brkljaca,A"]
[Result "1/2-1/2"]
[WhiteElo "2518"]
[BlackElo "2366"]

1.e4 e5 2.Nf3 Nc6 3.Bb5 a6 4.Ba4 Nf6 5.O-O b5 6.Bb3 Bb7 7.Re1 Bc5 8.c3 d6
9.d4 Bb6 10.a4 h6 11.axb5 axb5 12.Rxa8 Qxa8 13.Be3 Ng4 14.Bd5 Nxe3 15.fxe3 O-O
16.Nbd2 Ne7 17.Bxb7 Qxb7 18.Qb3 exd4 19.cxd4 c6 20.Rc1 Qa7 21.Kh1 Ra8 22.h3 Qd7
23.e5 d5 24.Qd3 Ra2 25.Qb1 Ra4 26.Kh2 Qe6 27.Qd3 Ra2 28.Qb3 Ra4 29.Qc2 f6
30.Rf1 Bc7  1/2-1/2

[Event "3rd ACT"]
[Site "Amsterdam NED"]
[Date "2006.07.16"]
[Round "2"]
[White "Bezemer,A"]
[Black "Van Veen,O"]
[Result "1-0"]
[WhiteElo "2346"]
[BlackElo "2225"]

1.e4 e5 2.Nf3 Nc6 3.Bb5 a6 4.Ba4 Nf6 5.O-O b5 6.Bb3 Bb7 7.c3 Nxe4 8.d4 Na5
9.Bc2 exd4 10.Nxd4 c5 11.Nf5 d5 12.Nd2 g6 13.Ng3 Nxg3 14.fxg3 Be7 15.Nf3 O-O
16.Bh6 Re8 17.Ne5 f5 18.Bxf5 Bg5 19.Qg4 Rxe5 20.Bxg5 gxf5 21.Rxf5 h5 22.Qxh5 Qe8
23.Qg4 Re1+ 24.Rxe1 Qxe1+ 25.Rf1 Qe4 26.Bf4+  1-0

[Event "ch-SVK"]
[Site "Banska Stiavnica SVK"]
[Date "2006.07.16"]
[Round "9"]
[White "Pinter,E"]
[Black "Markos,J"]
[Result "1-0"]
[WhiteElo "2396"]
[BlackElo "2526"]

1.e4 e5 2.Nf3 Nc6 3.Bb5 a6 4.Ba4 Nf6 5.O-O b5 6.Bb3 Bb7 7.Re1 Bc5 8.d3 d6
9.a3 h6 10.Nbd2 O-O 11.Nf1 d5 12.exd5 Nxd5 13.Ng3 Re8 14.c3 Qd7 15.Ne4 Be7
16.d4 exd4 17.cxd4 Rad8 18.Qd3 Bf8 19.Bd2 Re6 20.Bc2 Rg6 21.Nh4 Qg4 22.Nxg6 Qxg6
23.h4 Bc8 24.Rac1 Bf5 25.Bb1 Nde7 26.Bc3 Qh5 27.Qg3 Bg6 28.Qxc7 Qxh4 29.Rcd1 Rd5
30.Qg3 Qh5 31.Qh2 Qg4 32.Qh3 Qxh3 33.gxh3 Rh5 34.Ng3 Rd5 35.Ba2 Rd7 36.d5 Nd8
37.Ne4 Nb7 38.Bb4 Nf5 39.Bxf8 Kxf8 40.Rc1 Nbd6 41.Nxd6 Nxd6 42.Rc6 Bf5 43.Rxa6 g5
44.Kg2 Kg7 45.Bb1 Bxb1 46.Rxb1 Nc4 47.d6 Kf6 48.b3 Nd2 49.Rb2 Ne4 50.f3 Nc5
51.Rc6 Nd3 52.Rd2 Nf4+ 53.Kh2 Ke6  1-0

[Event "3rd ACT"]
[Site "Amsterdam NED"]
[Date "2006.07.17"]
[Round "3"]
[White "Struk,J"]
[Black "Van Veen,O"]
[Result "0-1"]
[WhiteElo "2277"]
[BlackElo "2225"]

1.e4 e5 2.Nf3 Nc6 3.Bb5 a6 4.Ba4 Nf6 5.O-O b5 6.Bb3 Bb7 7.Re1 Bc5 8.c3 d6
9.d4 Bb6 10.a4 O-O 11.axb5 axb5 12.Rxa8 Qxa8 13.Bg5 Nxe4 14.Rxe4 Nxd4 15.Rxd4 exd4
16.cxd4 Bxf3 17.gxf3 Qa1 18.Qd3 Qxb2 19.Bc2 g6 20.Be3 c5 21.Nd2 c4 22.Qe4 Qa1+
23.Kg2 Qa8 24.Qh4 d5 25.Qe7 Qc6 26.Nf1 Re8 27.Qb4 Bc7 28.Ng3 Bd6 29.Qd2 b4
30.Qd1 Rb8 31.Nf5 gxf5 32.Bxf5 Bc7 33.Bg5 Qd6 34.f4 h6 35.Bh4 Qxf4 36.Qh5 Qxh2+
37.Kf3 Qh1+ 38.Kg4 Qd1+ 39.f3 Qg1+  0-1

[Event "Canadian Open"]
[Site "Kitchener CAN"]
[Date "2006.07.18"]
[Round "4"]
[White "Kunte,A"]
[Black "Corrales,Fi"]
[Result "1-0"]
[WhiteElo "2535"]
[BlackElo "2492"]

1.e4 e5 2.Nf3 Nc6 3.Bb5 a6 4.Ba4 Nf6 5.O-O b5 6.Bb3 Bb7 7.d3 Bc5 8.Be3 d6
9.Nbd2 O-O 10.a3 h6 11.h3 Kh8 12.c3 Qd7 13.Qe2 Rae8 14.Bxc5 dxc5 15.Qe3 Qd6
16.Bc2 Nh5 17.Nb3 c4 18.dxc4 bxc4 19.Nc5 Bc8 20.Rfd1 Qf6 21.Nd7 Bxd7 22.Rxd7 Rb8
23.Ba4 Ne7 24.Rd2 Nf4 25.Ne1 Nc8 26.Rad1 Nd6 27.Kh2 Rb6 28.g3 Ne6 29.Re2 Ng5
30.h4 Ne6 31.Nf3 Rfb8 32.Rd5 Rxb2 33.Rxe5 Rxe2 34.Qxe2 Rb1 35.Kg2 Qg6 36.Qe3 Rb2
37.Bd7 Rb3 38.Bxe6 fxe6 39.Nd4 Rxa3 40.Rxe6 Qf7 41.Re5 a5 42.Rc5 Ra2 43.Nf5 a4
44.Nxd6 cxd6 45.Ra5 a3 46.Qd4 Kh7 47.Ra7 Qf8 48.h5 Kh8 49.Ra5 Kh7 50.Ra6 Kh8
51.Ra7 Kh7 52.e5 dxe5 53.Qe4+ Kh8 54.Ra8 Rxf2+ 55.Kh3 a2 56.Rxf8+ Rxf8 57.Qh1 e4
58.Qa1 Rf2 59.Qe1 Rf6 60.Qa1 Rf2 61.Qe1 Kg8 62.Qd1 Kh7 63.Qe1 e3 64.Qxe3 a1=Q
65.Qxf2 Qxc3 66.Qf5+ Kg8 67.Qe6+ Kf8 68.Qd6+ Kf7 69.Qd7+ Kf6 70.Qd6+ Kf5
71.Qg6+  1-0

[Event "3rd ACT"]
[Site "Amsterdam NED"]
[Date "2006.07.19"]
[Round "5"]
[White "Holzke,F"]
[Black "Swinkels,R"]
[Result "1/2-1/2"]
[WhiteElo "2472"]
[BlackElo "2286"]

1.e4 e5 2.Nf3 Nc6 3.Bb5 a6 4.Ba4 Nf6 5.O-O b5 6.Bb3 Bb7 7.c3 Nxe4 8.d4 Na5
9.Nxe5 Nxb3 10.Qxb3 Nd6 11.a4 Be7 12.Re1 Rb8 13.Nd2 O-O 14.Nf1 Re8 15.Ne3 Bg5
16.axb5 axb5 17.Ra7 Be4 18.f3 Bxe3+ 19.Bxe3 Bf5 20.Qd5 Ra8 21.Nxf7 Be6 22.Rxa8 Qxa8
23.Qxa8 Rxa8 24.Ng5 Bc4 25.Bf4 Ne8 26.Ne4 d6 27.g4 Kf8 28.h4 Ra2 29.Bc1 Nf6
30.Kf2 Nxe4+ 31.fxe4 Ra1 32.Ke3 Ke7 33.Kd2 Ra8 34.e5 Rf8 35.exd6+ Kxd6 36.b3 Rf2+
37.Ke3 Rf1 38.Ba3+ Ke6 39.d5+ Ke5 40.Rxf1 Bxf1 41.Kf2 Bd3 42.Ke3 Bf1  1/2-1/2

[Event "3rd ACT"]
[Site "Amsterdam NED"]
[Date "2006.07.20"]
[Round "6"]
[White "De Boer,Sy"]
[Black "Van Veen,O"]
[Result "1-0"]
[WhiteElo "2353"]
[BlackElo "2225"]

1.e4 e5 2.Nf3 Nc6 3.Bb5 a6 4.Ba4 Nf6 5.O-O b5 6.Bb3 Bb7 7.c3 Nxe4 8.d4 Na5
9.Nxe5 Nxb3 10.Qxb3 Nd6 11.Qd1 g6 12.Re1 Be7 13.Bg5 Nf5 14.Ng4 h5 15.Rxe7+ Nxe7
16.Nf6+ Kf8 17.Qd2 Kg7 18.Qe2 Kf8 19.Nd2 Qc8 20.Qe5 Nc6 21.Nxd7+ Kg8 22.Nf6+ Kf8
23.Qc5+ Kg7 24.d5 Qf5 25.h4 Rhe8 26.Nxe8+ Rxe8 27.Nb3 Ne5 28.Rd1 Nf3+ 29.gxf3 Qxf3
30.Qd4+ Kh7 31.Nc5 Bxd5 32.Qxd5 Re1+ 33.Rxe1 Qxd5 34.Ne4  1-0

[Event "3rd ACT"]
[Site "Amsterdam NED"]
[Date "2006.07.20"]
[Round "6"]
[White "Cornelisse,J"]
[Black "Schoorl,R"]
[Result "1/2-1/2"]
[WhiteElo "2216"]
[BlackElo "2289"]

1.e4 e5 2.Nf3 Nc6 3.Bb5 a6 4.Ba4 Nf6 5.O-O b5 6.Bb3 Bb7 7.Re1 Bc5 8.c3 d6
9.d4 Bb6 10.Bg5 h6 11.Bh4 g5 12.Bg3 O-O 13.Qd3 Nh5 14.Bd5 Nxg3 15.hxg3 Qf6
16.Nbd2 exd4 17.Bxc6 Bxc6 18.Nxd4 Bd7 19.Nf1 Be6 20.Ne3 Bxd4 21.cxd4 c5 22.Rad1 Qxd4
23.Qxd4 cxd4 24.Rxd4 Bxa2 25.Rxd6 Kh7 26.Ra1 Bc4 27.Nf5 Be6 28.Raxa6 Rxa6
29.Rxa6 Bxf5 30.exf5 Rd8 31.Rb6 Rd5 32.g4 h5 33.f3 hxg4 34.fxg4 Rd1+ 35.Kh2 Rd5
36.Kg1  1/2-1/2

[Event "Czech Open A"]
[Site "Pardubice CZE"]
[Date "2006.07.22"]
[Round "2"]
[White "Lindberg,Bo"]
[Black "Tomashevsky,E"]
[Result "0-1"]
[WhiteElo "2385"]
[BlackElo "2594"]

1.e4 e5 2.Nf3 Nc6 3.Bb5 a6 4.Ba4 Nf6 5.O-O b5 6.Bb3 Bb7 7.d3 Be7 8.Re1 O-O
9.Nbd2 d6 10.c3 Na5 11.Bc2 c5 12.Nf1 Re8 13.Ng3 Bf8 14.Nf5 d5 15.exd5 Qxd5
16.Bg5 Qc6 17.Ng3 h6 18.Be3 Rad8 19.Qb1 Nd5 20.Bd2 Qc7 21.a3 Nf6 22.b4 Nc6
23.Ne4 Nxe4 24.dxe4 Bc8 25.Be3 Be6 26.Nd2 c4 27.a4 Nd4 28.axb5 axb5 29.Ra5 Qd6
30.Bd1 Bd7 31.Nf3 Ne6 32.Be2 Bc6 33.Ra6 Ra8 34.Rb6 Qc7 35.g3 Ra3 36.Qc1 Rea8
37.Nd2 Nd4 38.Nb1 Rb3 39.Nd2 Rxc3 40.Qxc3 Qxb6 41.Nf3 Nxf3+ 42.Bxf3 Qa6 43.Qxe5 Bxb4
44.Rb1 Bf8 45.Bc5 Re8 46.Qd4 Bxc5 47.Qxc5 Qb7 48.Kf1 Qc8 49.Kg2 Qe6 50.Re1 Rc8
51.Qb4 Qe5 52.Re3 Bd7  0-1

[Event "XLVIII TCh-POR"]
[Site "Evora POR"]
[Date "2006.07.23"]
[Round "2"]
[White "Ribeiro,Fe"]
[Black "Santos,CaP"]
[Result "1/2-1/2"]
[WhiteElo "2262"]
[BlackElo "2433"]

1.e4 e5 2.Nf3 Nc6 3.Bb5 a6 4.Ba4 Nf6 5.O-O b5 6.Bb3 Bb7 7.d3 Bd6 8.c3 O-O
9.a4 h6 10.axb5 axb5  1/2-1/2

[Event "Czech Open A"]
[Site "Pardubice CZE"]
[Date "2006.07.24"]
[Round "4"]
[White "Grandelius,N"]
[Black "Van Dooren,D"]
[Result "1/2-1/2"]
[WhiteElo "2091"]
[BlackElo "2301"]

1.e4 e5 2.Nf3 Nc6 3.Bb5 a6 4.Ba4 Nf6 5.O-O b5 6.Bb3 Bb7 7.c3 Nxe4 8.Re1 Nc5
9.Bc2 Ne6 10.d4 exd4 11.cxd4 d5 12.Ng5 Qf6 13.Nxe6 fxe6 14.Qh5+ g6 15.Qxd5 Kf7
16.Qe4 Rd8 17.Bb3 Bb4 18.Nc3 Rhe8 19.d5 Bxc3 20.dxe6+ Kg7 21.bxc3 Na5 22.Qf4 Nxb3
23.axb3 Rd6 24.e7 Qxf4 25.Bxf4 Rd7 26.b4 Rexe7 27.Rxe7+ Rxe7 28.Be3 Kf7 29.Rd1 Ke6
30.Bc5 Rd7 31.Rxd7 Kxd7 32.Kf1 Kc6 33.Ke2 a5 34.Kd2 Kd5 35.g3 a4 36.Kc2 g5
37.h4 gxh4 38.gxh4 h5 39.Kb2  1/2-1/2

[Event "Czech Open A"]
[Site "Pardubice CZE"]
[Date "2006.07.28"]
[Round "8"]
[White "Haba,P"]
[Black "Tomashevsky,E"]
[Result "1/2-1/2"]
[WhiteElo "2514"]
[BlackElo "2594"]

1.e4 e5 2.Nf3 Nc6 3.Bb5 a6 4.Ba4 Nf6 5.O-O b5 6.Bb3 Bb7 7.c3 Nxe4 8.d4 Na5
9.Bc2 exd4 10.b4 Nc4 11.Bxe4 Bxe4 12.Re1 d5 13.Qxd4 Be7 14.Qxg7 Kd7 15.Qg4+ f5
16.Qh3 Rg8 17.Nbd2 Nxd2 18.Bxd2 Bf6 19.g3 Qe8 20.Bf4 Qg6 21.Nd2 Qg4 22.Qxg4 fxg4
23.Nxe4 dxe4 24.Rxe4 Rge8 25.Rxe8 Rxe8 26.Kf1 Re4 27.Rd1+ Ke6 28.Bxc7 Bxc3
29.Rd6+ Kf5 30.Rxa6 Rxb4 31.Rc6 Rb1+ 32.Kg2 b4 33.Rc5+ Kg6 34.Rc4 h5 35.Rc6+ Kf5
36.Rc4 Ra1 37.Bd6 Rxa2 38.Bxb4 Bxb4 39.Rxb4 Ra1 40.h4 Kg6 41.Rb6+  1/2-1/2

[Event "HZ Open"]
[Site "Vlissingen NED"]
[Date "2006.08.06"]
[Round "2"]
[White "Van Dort,L"]
[Black "Spoelman,W"]
[Result "0-1"]
[WhiteElo "2101"]
[BlackElo "2461"]

1.e4 e5 2.Nf3 Nc6 3.Bb5 a6 4.Ba4 Nf6 5.O-O b5 6.Bb3 Bb7 7.Re1 Bc5 8.c3 O-O
9.d4 Bb6 10.Bg5 h6 11.Bh4 d6 12.a4 Re8 13.axb5 axb5 14.Rxa8 Bxa8 15.d5 Nb8
16.Qe2 c6 17.dxc6 Bxc6 18.Nfd2 Nbd7 19.Na3 Nc5 20.Bc2 d5 21.Bxf6 Qxf6 22.exd5 Bxd5
23.Nxb5 Ne6 24.Be4 Nf4 25.Qf3 Be6 26.Nd6 Rd8 27.N2c4 Bg4 28.Qg3 Ne2+ 29.Rxe2 Bxe2
30.Nxb6 Qxd6 31.Nd5 Bc4  0-1

[Event "HZ Open"]
[Site "Vlissingen NED"]
[Date "2006.08.06"]
[Round "2"]
[White "Schut,D"]
[Black "Swinkels,R"]
[Result "0-1"]
[WhiteElo "2016"]
[BlackElo "2286"]

1.e4 e5 2.Nf3 Nc6 3.Bb5 a6 4.Ba4 Nf6 5.O-O b5 6.Bb3 Bb7 7.d3 Be7 8.Nc3 d6
9.a4 b4 10.Ne2 O-O 11.Ng3 Bc8 12.Bd2 Rb8 13.h3 h6 14.Nh2 Nd4 15.Ba2 d5 16.Nf3 dxe4
17.Nxe5 b3 18.cxb3 Bd6 19.dxe4 Bxe5 20.f4 Bd6 21.e5 Bc5 22.exf6 Nf3+ 23.Kh1 Nxd2
24.fxg7 Kxg7 25.Re1 Qh4 26.Nh5+ Kg8 27.Qxd2 Bb4 28.Qd4 Qxh5 29.Re3 f6 30.Rg3+ Kh8
31.Bb1 Bf5 32.Qd5 Rbd8 33.Qc4 Rd1+ 34.Kh2 Bd6  0-1